Mấy vấn đề thi pháp văn học trung đại Việt Nam /

שמור ב:
מידע ביבליוגרפי
מחבר ראשי: Trần Đình Sử
פורמט: Sách giấy
שפה:Vietnamese
יצא לאור: Hà Nội : Giáo dục , 1999
נושאים:
תגים: הוספת תג
אין תגיות, היה/י הראשונ/ה לתייג את הרשומה!
Thư viện lưu trữ: Thư viện Trường Đại học Đà Lạt
LEADER 00669nam a2200253 4500
001 DLU020017309
005 ##3/26/2001
020 # # |a 978- 
041 # # |a vie 
082 # # |a 808.1  |b TR-S 
100 # # |a Trần Đình Sử 
245 # # |a Mấy vấn đề thi pháp văn học trung đại Việt Nam /  |c Trần Đình Sử 
260 # # |a Hà Nội :  |b Giáo dục ,  |c 1999 
300 # # |a 444 tr.;   |c 21 cm. 
650 # # |a Văn học trung đại Việt Nam  |x Lịch sử và phê bình. 
992 # # |a 40000 
994 # # |a DLU 
900 # # |a False 
911 # # |a Administrator 
925 # # |a G 
926 # # |a A 
927 # # |a SH 
980 # # |a Thư viện Trường Đại học Đà Lạt